[Event "Let's Play Chess!"]
[Site "http://www.queenalice.com/game.php?id=360343"]
[Date "2008.2.24"]
[Round "-"]
[White "carlosdias212"]
[Black "spawnwolfwolverine"]
[Result "1-0"]
[WhiteElo "1100"]
[BlackElo "1522"]

1. e4 e5 2. d3 d6 3. Nf3 Bg4 4. h3 Bxf3 5. Qxf3 Be7 6. g4 g6 7. Nc3 b6 8. h4
Bxh4 9. b4 Bg5 10. Bxg5 Qxg5 11. Nb5 Na6 12. c3 Nh6 13. d4 Nxg4 14. Rg1 h5 15.
dxe5 Nh2 16. Qg2 Qxg2 17. Bxg2 c6 18. Nxd6+ Kd7 19. Nxf7 Rhf8 20. Bh3+ Kc7 21.
Nd6 Nf3+ 22. Kf1 Nxg1 23. Kxg1 b5 24. a4 Rad8 25. axb5 Nb8 26. Rxa7+ Kb6 27.
Rb7# 1-0

[Event "Let's Play Chess!"]
[Site "http://www.queenalice.com/game.php?id=360344"]
[Date "2008.2.24"]
[Round "-"]
[White "spawnwolfwolverine"]
[Black "carlosdias212"]
[Result "0-1"]
[WhiteElo "1510"]
[BlackElo "1100"]

1. d4 d5 2. e3 Nc6 3. Nf3 e6 4. Be2 Bb4+ 5. Bd2 Bxd2+ 6. Nbxd2 Nf6 7. O-O h6 8.
a3 Qe7 9. c3 e5 10. b3 a5 11. a4 Ne4 12. Nxe4 dxe4 13. Nxe5 Nxe5 14. dxe5 O-O
15. f4 f6 16. Bc4+ Be6 17. Bxe6+ Qxe6 18. c4 Rfd8 19. Qh5 Rd3 20. exf6 Qxf6 21.
Rab1 Rxe3 22. g3 Rf3 23. Rxf3 exf3 24. Qxf3 g5 25. Qxb7 Re8 26. Qxc7 Qd4+ 27.
Kf1 Qd3+ 28. Kg2 Qxb1 29. fxg5 Re2+ 30. Kh3 Qf5+ 31. g4 Re3+ 32. Kg2 Qxg4+ 33.
Kf1 Qf3+ 34. Kg1 Re1# 0-1

[Event "Challenge3"]
[Site "http://www.queenalice.com/game.php?id=360349"]
[Date "2008.2.24"]
[Round "-"]
[White "Sotnas"]
[Black "carlosdias212"]
[Result "0-1"]
[WhiteElo "1532"]
[BlackElo "1367"]

1. e4 e5 2. Nf3 Nc6 3. Bb5 a6 4. Ba4 b5 5. Bb3 d6 6. d4 d5 7. exd5 Na5 8. Nxe5
Qe7 9. c4 bxc4 10. Ba4+ Kd8 11. Qd2 f6 12. d6 Qe6 0-1

[Event "AUTO-OPEN-1030"]
[Site "http://www.queenalice.com/game.php?id=360554"]
[Date "2008.2.25"]
[Round "1"]
[White "markus765432"]
[Black "carlosdias212"]
[Result "1-0"]
[WhiteElo "2138"]
[BlackElo "1315"]

1. e4 e5 2. f4 exf4 3. Nf3 Nf6 4. e5 Ne4 5. d3 Ng5 6. Bxf4 Nxf3+ 7. Qxf3 Nc6 8.
c3 d6 9. d4 dxe5 10. dxe5 Be7 11. Bc4 g5 12. Bxg5 Nxe5 13. Qe2 Ng6 14. O-O O-O
15. Bh6 Re8 16. Bxf7+ Kh8 17. Bxe8 Qxe8 18. Kh1 Bd7 19. Nd2 Bb5 20. c4 Rd8 21.
cxb5 a6 22. Rae1 Qd7 23. bxa6 Bb4 24. axb7 Bxd2 25. Qxd2 Qxd2 26. Bxd2 Rxd2 27.
b8=Q+ Kg7 28. Qxc7+ Kh6 29. Qc1 1-0

[Event "AUTO-OPEN-1030"]
[Site "http://www.queenalice.com/game.php?id=360555"]
[Date "2008.2.25"]
[Round "1"]
[White "carlosdias212"]
[Black "markus765432"]
[Result "0-1"]
[WhiteElo "1363"]
[BlackElo "2136"]

1. e4 c6 2. d4 d5 3. e5 Bf5 4. Nc3 e6 5. Nf3 h6 6. b3 Nd7 7. h3 Ne7 8. g4 Bh7 9.
g5 hxg5 10. Nxg5 Bf5 11. Bd3 Qa5 12. Bd2 Bxd3 13. cxd3 Qb6 14. Qf3 Nf5 15. Be3
Be7 16. Na4 Qa5+ 17. Bd2 Bb4 18. Rc1 Bxd2+ 19. Ke2 Nxd4+ 0-1

[Event "AUTO-OPEN-1030"]
[Site "http://www.queenalice.com/game.php?id=360572"]
[Date "2008.2.25"]
[Round "1"]
[White "carlosdias212"]
[Black "janosik"]
[Result "0-1"]
[WhiteElo "1315"]
[BlackElo "1926"]

1. e4 e5 2. d4 exd4 3. Qxd4 Nc6 4. Qd1 Bc5 5. g4 Nf6 6. Bg5 Bxf2+ 7. Kxf2 Nxe4+
8. Ke3 Nxg5 9. Bc4 O-O 10. h4 Re8+ 11. Kf4 Re4+ 12. Kg3 Ne6 13. Bxe6 Rxe6 14.
Nc3 d6 15. Nf3 Re3 16. h5 Qf6 17. Rf1 Ne5 18. Nd5 Qg5 19. Nxe3 Qxe3 20. c3 Bxg4
21. h6 Bxf3 22. Re1 Qg5+ 23. Kf2 Qg2+ 24. Ke3 Bxd1 25. Raxd1 Qf3+ 26. Kd2 Qf4+
27. Kc2 Qxh6 28. Rh1 Qg6+ 29. Kb3 a5 30. Rd2 a4+ 31. Kb4 Qe4+ 32. Rd4 Qxh1 33.
c4 Nc6+ 34. Kb5 Ra5# 0-1

[Event "AUTO-OPEN-1030"]
[Site "http://www.queenalice.com/game.php?id=360573"]
[Date "2008.2.25"]
[Round "1"]
[White "janosik"]
[Black "carlosdias212"]
[Result "1-0"]
[WhiteElo "1979"]
[BlackElo "1214"]

1. e4 e5 2. d4 exd4 3. Nf3 c5 4. Bc4 Qa5+ 5. Bd2 Qb6 6. Qc1 Nf6 7. e5 Ne4 8. O-O
d6 9. Re1 Nxd2 10. exd6+ Kd7 11. Ne5+ Kxd6 12. Nxf7+ Kc7 13. Qxd2 Rg8 14. Na3
Nd7 15. Nb5+ Kc6 16. Re6+ Bd6 17. Rxd6# 1-0

[Event "Boas Vindas!"]
[Site "http://www.queenalice.com/game.php?id=362194"]
[Date "2008.2.27"]
[Round "-"]
[White "carlosdias212"]
[Black "tche_elvio"]
[Result "0-1"]
[WhiteElo "1363"]
[BlackElo "1631"]

1. e4 e5 2. d3 d5 3. Nc3 Nf6 4. Bg5 Be7 5. d4 Be6 6. dxe5 Nxe4 7. Nxe4 Bxg5 8.
Qh5 dxe4 9. Rd1 Nd7 10. h4 Bf4 11. g3 Bxe5 12. Rxd7 Qxd7 13. Qxe5 O-O 14. Qxe4
Bd5 15. Qd4 Qe6+ 16. Ne2 Bxh1 17. Qe3 Qxe3 18. fxe3 Bf3 19. Nf4 Rad8 20. Kf2 Be4
21. c4 Rd2+ 22. Be2 Rxb2 23. g4 b5 24. g5 g6 25. h5 c6 26. hxg6 hxg6 27. cxb5
Rxa2 28. bxc6 Bxc6 29. Kf1 Re8 30. Bc4 Ra3 31. Nxg6 Rexe3 32. Kf2 Rg3 33. Ne7+
Kh7 34. Nxc6 Rxg5 35. Bxf7 Rf5+ 36. Ke2 Rxf7 37. Ke1 Rb7 38. Nd8 Rb2 39. Kd1
Ra1# 0-1

[Event "AUTO-BEG-193"]
[Site "http://www.queenalice.com/game.php?id=367635"]
[Date "2008.3.8"]
[Round "1"]
[White "quena"]
[Black "carlosdias212"]
[Result "1-0"]
[WhiteElo "1488"]
[BlackElo "1352"]

1. e4 e5 2. Nf3 Nc6 3. d4 f6 4. d5 Nb4 5. c3 Na6 6. c4 Bb4+ 7. Bd2 Bc5 8. Be2
Nh6 9. O-O f5 10. exf5 Nxf5 11. Qc2 O-O 12. Nxe5 Qh4 13. Nc3 Nd4 14. Qe4 Qxe4
15. Nxe4 Nxe2+ 16. Kh1 d6 17. Nd3 Bd4 18. Rae1 Bg4 19. f3 Bf5 20. Rxe2 Rae8 21.
Nf4 Bxb2 22. Bc1 Be5 23. Ne6 Bxe6 24. dxe6 Rxe6 25. Ng5 Rh6 26. Ne4 Rxh2+ 27.
Kg1 Nb4 28. c5 Rf5 29. cxd6 cxd6 30. Bb2 Nd3 31. Bxe5 Rfh5 32. Bxh2 d5 33. Ng3
Nf4 34. Re8+ Kf7 35. Nxh5 Kxe8 36. Bxf4 g6 37. Nf6+ Kf7 38. Nxh7 Kg7 39. Ng5 1-0

[Event "AUTO-BEG-193"]
[Site "http://www.queenalice.com/game.php?id=367647"]
[Date "2008.3.8"]
[Round "1"]
[White "EduardoAlmeida"]
[Black "carlosdias212"]
[Result "1-0"]
[WhiteElo "1190"]
[BlackElo "1283"]

1. e4 e5 2. Bc4 Nf6 3. Nf3 d6 4. O-O h6 5. Nc3 g5 6. b3 g4 7. Nh4 Rg8 8. Nb5 c6
9. Nc3 d5 10. exd5 cxd5 11. Bb5+ Bd7 12. a4 a6 13. Bd3 d4 14. Ne2 Nc6 15. a5 Nh5
16. Bh7 Rg5 17. Nf3 gxf3 18. Ng3 Bg4 19. gxf3 Bh3 20. Re1 Nf4 21. d3 Bb4 22. c3
Bxc3 23. Re4 Bxa1 24. Ba3 Bc3 25. Qc1 Bg2 26. Bc5 Rg7 27. Bf5 Qh4 28. Bxd4 1-0

[Event "AUTO-BEG-193"]
[Site "http://www.queenalice.com/game.php?id=367648"]
[Date "2008.3.8"]
[Round "1"]
[White "carlosdias212"]
[Black "EduardoAlmeida"]
[Result "0-1"]
[WhiteElo "1315"]
[BlackElo "1168"]

1. e4 e5 2. d3 Bb4+ 3. c3 Bc5 4. Nf3 Nf6 5. Nxe5 O-O 6. Qf3 d6 7. Qg3 Bg4 8. f3
Qe8 9. Nxg4 Nh5 10. Qh4 Nf4 11. Qg5 Ng6 12. d4 Bb6 13. Bd3 Nc6 14. O-O a5 15.
Na3 a4 16. Nb5 Rd8 17. Bc4 Ba5 18. f4 Qxe4 19. Bd5 Qd3 20. Na3 Rde8 21. Bc4 Re4
22. Bxd3 Re2 23. Nb5 Ree8 24. f5 Nge7 25. f6 Ng6 26. Nh6+ Kh8 27. Bxg6 hxg6 0-1

[Event "AUTO-BEG-193"]
[Site "http://www.queenalice.com/game.php?id=367653"]
[Date "2008.3.8"]
[Round "1"]
[White "gomonkey"]
[Black "carlosdias212"]
[Result "1-0"]
[WhiteElo "1455"]
[BlackElo "1438"]

1. e3 e5 2. d4 e4 3. f3 Bb4+ 4. c3 Ba5 5. fxe4 d6 6. Qa4+ Nc6 7. Bb5 Qh4+ 8. Kf1
Qxe4 9. Qxa5 b6 10. Qa4 Qf5+ 11. Nf3 Rb8 12. Bxc6+ Ke7 13. Qd1 Ba6+ 14. Kf2 b5
15. Re1 Nf6 16. Nd2 Ng4+ 17. Kg1 Qh5 18. e4 Rb6 19. d5 b4 20. c4 Bb7 21. c5 Ra6
22. Bxb7 Ra5 23. c6 f5 24. Rf1 fxe4 25. Qe2 Ne5 26. Nxe4 Rf8 27. Bg5+ Ke8 28.
Ng3 1-0

[Event "AUTO-BEG-193"]
[Site "http://www.queenalice.com/game.php?id=367654"]
[Date "2008.3.8"]
[Round "1"]
[White "carlosdias212"]
[Black "gomonkey"]
[Result "0-1"]
[WhiteElo "1395"]
[BlackElo "1470"]

1. e4 e5 2. d3 d5 3. f3 d4 4. Ne2 f5 5. c3 c5 6. c4 Nc6 7. Qa4 a6 8. Ng3 f4 9.
Ne2 Bd7 10. Bd2 b5 11. cxb5 axb5 12. Qc2 b4 13. g3 Be6 14. b3 Qf6 15. gxf4 Bd6
16. a3 Qh4+ 17. Kd1 exf4 18. a4 Na5 19. Be1 Qh5 20. h3 Qxf3 21. Rg1 Rc8 22. Bg2
Qe3 23. Bf2 Qxf2 24. Bf1 f3 25. Nd2 fxe2+ 26. Bxe2 Qxg1+ 27. Nf1 Bxh3 28. Kc1
Bxf1 29. Qd1 Nxb3+ 30. Kc2 Nxa1+ 31. Qxa1 Qf2 32. Qxf1 Qxf1 0-1

[Event "Nasdaq"]
[Site "http://www.queenalice.com/game.php?id=397860"]
[Date "2008.5.4"]
[Round "-"]
[White "carlosdias212"]
[Black "Palominov"]
[Result "0-1"]
[WhiteElo "1251"]
[BlackElo "1802"]

1. e4 e6 2. Nf3 d5 3. Ne5 dxe4 4. Qg4 Nf6 5. Qg3 Qd4 6. c3 Qc5 7. d4 Qb6 8. b3
Nbd7 9. Nc4 Qc6 10. Na5 Qd5 11. Qxc7 Bd6 12. c4 Bxc7 13. cxd5 Bxa5+ 14. Bd2
Bxd2+ 15. Nxd2 exd5 16. Bb5 O-O 0-1